Golden Globes (Drama) Quiz Stats

 Plays Quiz Updated Feb 28, 2021

Support Sporcle.
Go Orange.
Score 0/79 Timer 12:00
7 Plays Today
Year Film % Correct
1997Titanic
79.6%
1972The Godfather
72.2%
2016Moonlight
67.5%
201312 Years a Slave
66.8%
1994Forrest Gump
66.6%
2012Argo
66.4%
1993Schindler's List
62%
2000Gladiator
62%
2008Slumdog Millionaire
58.9%
2015The Revenant
58.5%
1986Platoon
58%
2003The Lord of the Rings: Return of the King
57.8%
1998Saving Private Ryan
57.7%
1976Rocky
57.2%
2009Avatar
56%
20191917
55.6%
1990Dances with Wolves
54.9%
1979Kramer vs. Kramer
54.4%
1999American Beauty
53.4%
2020Nomadland
53%
1988Rain Man
52.5%
1982E.T. The Extra-Terrestrial
51.3%
2001A Beautiful Mind
51.3%
1996The English Patient
49.9%
2014Boyhood
49.7%
1985Out of Africa
49.1%
2018Bohemian Rhapsody
48.6%
2005Brokeback Mountain
48.1%
1984Amadeus
47.9%
1975One Flew Over the Cuckoo's Nest
47.7%
1959Ben-Hur
46.8%
2004The Aviator
42%
1980Ordinary People
42%
1983Terms of Endearment
41.7%
1962Lawrence of Arabia
41%
1971The French Connection
39.7%
2017Three Billboards Outside Ebbing, Missouri
39%
2010The Social Network
38.8%
1974Chinatown
38.4%
2011The Descendants
38%
Year Film % Correct
1954On the Waterfront
38%
1987The Last Emperor
38%
2006Babel
37.1%
1981On Golden Pond
36.7%
2007Atonement
36.5%
2002The Hours
35.3%
1973The Exorcist
34.5%
1992Scent of a Woman
34.4%
1960Spartacus
33.9%
1991Bugsy
33.2%
1995Sense and Sensibility
33.1%
1957The Bridge on the River Kwai
32.7%
1989Born on the Fourth of July
32.4%
1970Love Story
29.9%
1967In the Heat of the Night
29.8%
1965Doctor Zhivago
27.5%
1978Midnight Express
26%
1955East of Eden
25.3%
1966A Man for All Seasons
24.9%
1968The Lion in Winter
24.4%
1977The Turning Point
23.4%
1956Around the World in 80 Days
23.2%
1952The Greatest Show on Earth
22.3%
1964Becket
22.2%
1950Sunset Boulevard
21.7%
1953The Robe
21.1%
1946The Best Years of Our Lives
19.5%
1944Going My Way
19.4%
1951A Place in the Sun
19%
1949All the King's Men
19%
1963The Cardinal
18.9%
1969Anne of the Thousand Days
17.9%
1945The Lost Weekend
17.6%
1961The Guns of Navarone
17.4%
1958The Defiant Ones
16.6%
1947Gentleman's Agreement
15.3%
1948 (tie)The Treasure of the Sierra Madre
15%
1943The Song of Bernadette
13.5%
1948 (tie)Johnny Belinda
11.9%

From the Vault

10 to 1: Trees

by senordingdong

Science 7m
We're hoping that this quiz is barking up the right tree.
Remove Ads.
Support Sporcle.
Get the best of Sporcle when you Go Orange. This ad-free experience offers more features, more stats, and more fun while also helping to support Sporcle. Thank you for becoming a member.

Show Comments

Extras

Top Quizzes Today


Score Distribution

Your Account Isn't Verified!

In order to create a playlist on Sporcle, you need to verify the email address you used during registration. Go to your Sporcle Settings to finish the process.

Report this User

Report this user for behavior that violates our Community Guidelines.

Details: